| 000 | 00790nam a22001695i 4500 | ||
|---|---|---|---|
| 001 | 163799 | ||
| 003 | ES-MaACL | ||
| 005 | 20230906212820.0 | ||
| 008 | 050719s1833 sp | |||||||| ||spa d | ||
| 080 | _a616.932-084 | ||
| 100 | 1 |
_aRodríguez Nilo, José Román. _9131950 |
|
| 245 | 1 | 0 |
_aNoticia sobre el cólera-morbo : _bsus medios preservativos, primeros socorros y curación que conviene a los invadidos por él, publicada en Lisboa en junio de este año / _cpor José Román Rodríguez Nilo ; traducida por F.S.C. |
| 260 |
_aSevilla : _b[s.n.], _c1833 ( _fImp. del Diario de Comercio, calle de la Muela) |
||
| 300 |
_a30 p. ; _c20 cm. |
||
| 650 | 4 |
_aCólera- _xPrevención. _9139264 |
|
| 852 | 4 |
_aES-MaACL _jT-131-F-5 _z- Enc. hol., falto de cub. original _z- Enc. en un vol. facticio |
|
| 999 |
_c163799 _d163799 |
||